Wireless network performance handbook / (رقم التسجيلة. 31414)
[ عرض عادي ]
| 000 -الفاتح | |
|---|---|
| حقل البيانات ثابتة الطول | 01742cam a22003734a 4500 |
| 001 - رقم الضبط | |
| رقم الضبط | 13106097 |
| 003 - محدد رقم الضبط | |
| رقم الضبط | OSt |
| 005 - وقت وتاريخ اخر تعامل مع التسجيلة | |
| رقم الضبط | 20150408114144.0 |
| 008 - عناصر البيانات ثابتة الطول - معلومات عامة | |
| حقل البيانات ثابتة الطول | 030227s2003 nyua bf 001 0 eng |
| 010 ## - رقم ضبط مكتبة الكونجرس | |
| رقم ضبط مكتبة الكونجرس | 2003044564 |
| 020 ## - الرقم الدولى المعيارى للكتب | |
| الرقم الدولى المعيارى للكتاب | 0071406557 (alk. paper) |
| 020 ## - الرقم الدولى المعيارى للكتب | |
| الرقم الدولى المعيارى للكتاب | 9780071634618 |
| 040 ## - مصدر الفهرسة | |
| وكالة الفهرسة الأصلية | DLC |
| وكالة النسخ | DLC |
| وكالة التعديل | DLC |
| 042 ## - رمز التحقق | |
| رمز التحقق | pcc |
| 082 00 - رقم تصنيف ديوى العشرى | |
| رقم التصنيف | 621.382 |
| رقم الطبعة | 21 |
| رقم المادة | SCW |
| 100 1# - المدخل الرئيسى - إسم شخصى | |
| الإسم الشخصى | Smith, Clint, |
| العنوان والكلمات الأخرى المصاحبة للاسم | P.E. |
| 9 (RLIN) | 38124 |
| 245 10 - بيان العنوان | |
| العنوان | Wireless network performance handbook / |
| بيان المسئوليه,etc | Clint Smith, Curt Gervelis. |
| 260 ## - PUBLICATION, DISTRIBUTION, ETC. (IMPRINT) | |
| مكان الناشر او الموزع | New York : |
| اسم الناشر او الموزع | McGraw-Hill, |
| تاريخ النشر أو التوزيع | c2003. |
| 300 ## - الوصف المادى | |
| التعداد | xvii, 589 p. : |
| تفاصيل ماديه اخرى للوعاء | ill. ; |
| أبعاد الوعاء | 25 cm. |
| 440 #0 - بيان السلسلة/مدخل إضافى-العنوان | |
| العنوان | McGraw-Hill network engineering |
| 9 (RLIN) | 38125 |
| 504 ## - تبصرة ببليوجرافية | |
| تبصرة ببليوجرافية,الخ | Includes bibliographical references (p. 569-572) and index. |
| 650 #0 - المدخل الاضافى بالموضوع-مصطلح موضوعى | |
| مصطلح موضوعي أو اسم جغرافي كعنصر مدخل | Wireless communication systems |
| التقسيم الفرعي العام | Management |
| التقسيم الفرعي الشكلي | Handbooks, manuals, etc. |
| 9 (RLIN) | 38126 |
| 650 #0 - المدخل الاضافى بالموضوع-مصطلح موضوعى | |
| مصطلح موضوعي أو اسم جغرافي كعنصر مدخل | Mobile communication systems |
| التقسيم الفرعي العام | Management |
| التقسيم الفرعي الشكلي | Handbooks, manuals, etc. |
| 9 (RLIN) | 38127 |
| 650 #0 - المدخل الاضافى بالموضوع-مصطلح موضوعى | |
| مصطلح موضوعي أو اسم جغرافي كعنصر مدخل | Cell phone systems |
| التقسيم الفرعي العام | Management |
| التقسيم الفرعي الشكلي | Handbooks, manuals, etc. |
| 9 (RLIN) | 38128 |
| 650 #0 - المدخل الاضافى بالموضوع-مصطلح موضوعى | |
| مصطلح موضوعي أو اسم جغرافي كعنصر مدخل | Wireless communication systems |
| التقسيم الفرعي العام | Design and construction |
| التقسيم الفرعي الشكلي | Handbooks, manuals, etc. |
| 9 (RLIN) | 38129 |
| 650 #0 - المدخل الاضافى بالموضوع-مصطلح موضوعى | |
| مصطلح موضوعي أو اسم جغرافي كعنصر مدخل | Mobile communication systems |
| التقسيم الفرعي العام | Design and construction |
| التقسيم الفرعي الشكلي | Handbooks, manuals, etc. |
| 9 (RLIN) | 38130 |
| 650 #0 - المدخل الاضافى بالموضوع-مصطلح موضوعى | |
| مصطلح موضوعي أو اسم جغرافي كعنصر مدخل | Cell phone systems |
| التقسيم الفرعي العام | Design and construction |
| التقسيم الفرعي الشكلي | Handbooks, manuals, etc. |
| 9 (RLIN) | 38131 |
| 700 1# - المدخل الاضافى - اسم شخصى | |
| الإسم الشخصى | Gervelis, Curt. |
| 9 (RLIN) | 38132 |
| 856 42 - الوصول و الموقع الالكترونى | |
| مواد محددة | Contributor biographical information |
| معرف المصدر الموحد | <a href="http://www.loc.gov/catdir/bios/mh041/2003044564.html">http://www.loc.gov/catdir/bios/mh041/2003044564.html</a> |
| 856 41 - الوصول و الموقع الالكترونى | |
| مواد محددة | Table of contents |
| معرف المصدر الموحد | <a href="http://www.loc.gov/catdir/toc/mh031/2003044564.html">http://www.loc.gov/catdir/toc/mh031/2003044564.html</a> |
| 906 ## - عنصر بيانات محلى F, LDF (RLIN) | |
| a | 7 |
| b | cbc |
| c | orignew |
| d | 1 |
| e | ocip |
| f | 20 |
| g | y-gencatlg |
| 942 ## - عناصر المدخل الإضافي( كوها) | |
| مصدر التصنيف او مخطط الترفيف | Dewey Decimal Classification |
| Koha [default] item type | كتاب |
| حالة الفقد | نموذج السعر الفعال | حالة تلف | ليس للاعارة | رقم الطلب | رقم النسخة | تاريخ الاكتساب | الموقع الحالي | الباركود | الفرع الرئيسي | Date last seen | نوع المادة فى نظام كوها | مصدر التصنيف او خطة الترفيف | Total Checkouts |
|---|---|---|---|---|---|---|---|---|---|---|---|---|---|
| 2013-10-22 | Not For Loan | 621.382 SCW | 1 | 2013-10-22 | المكتبة المركزية بالمجمعة (CL) | 00207017 | المكتبة المركزية بالمجمعة (CL) | 2013-10-22 | كتاب | Dewey Decimal Classification | |||
| 2013-10-22 | 621.382 SCW | 2 | 2013-10-22 | المكتبة المركزية بالمجمعة (CL) | 00207016 | المكتبة المركزية بالمجمعة (CL) | 2013-10-22 | كتاب | Dewey Decimal Classification | ||||
| 2013-10-22 | 621.382 SCW | 3 | 2013-10-22 | المكتبة المركزية بالمجمعة (CL) | 00207015 | المكتبة المركزية بالمجمعة (CL) | 2013-10-22 | كتاب | Dewey Decimal Classification |
